000 00666nam a2200229 4500
003 OSt
005 20240704013106.0
006 a
008 240704b |||||||| |||| 00| 0 eng d
020 _a9780120884490
040 _aDWCL-Main lib.
_cOC
082 _2First edition
_aCirc. 551.483 T856 2008
245 _aTropical stream ecology /
250 _aFirst edition
260 _aUK :
_bAcademic Press,
_cc2008.
300 _axvii,
_b316 p. : ill. ;
_c27 cm.
504 _aIncludes bibliographical references and index.
650 _a1. Tropical streams.
650 _a2. Water.
700 _aDavid Dudgeon
942 _2ddc
_n0
_cBK-CIRC
_eFirst edition
_kCirc.
999 _c1915
_d1915